LIBRARY & INFORMATION CENTRE, KCAET, TAVANUR

ONLINE PUBLIC ACCESS CATALOGUE (OPAC)

Mechanics of particles waves and oscillations / (Record no. 9588)

MARC details
000 -LEADER
fixed length control field 00505cam a2200193ua 4500
020 ## - INTERNATIONAL STANDARD BOOK NUMBER
ISBN 81-224-0744-7
041 ## - LANGUAGE CODE
Language code of text/sound track or separate title eng
082 ## - DEWEY DECIMAL CLASSIFICATION NUMBER
Classification number 620.3
Item number KAM/ME
100 ## - MAIN ENTRY--AUTHOR NAME
Personal name Kamal, Anwar .
245 ## - TITLE STATEMENT
Title Mechanics of particles waves and oscillations /
260 ## - PUBLICATION, DISTRIBUTION, ETC. (IMPRINT)
Place of publication New Delhi :
Name of publisher New Age International Ltd ,
Year of publication 1999.
300 ## - PHYSICAL DESCRIPTION
Number of Pages 531 ; .
500 ## - GENERAL NOTE
General note *CSS
942 ## - ADDED ENTRY ELEMENTS (KOHA)
Koha item type Books
Holdings
Withdrawn status Lost status Damaged status Home library Current library Shelving location Date acquired Full call number Accession Number Koha item type
      KAUAET KAUAET Scheme 31/08/2018 620.3 KAM/ME 20188 Books
      KAUAET KAUAET Scheme 31/08/2018 620.3 KAM/ME 20189 Books
free website counter